| 000 | 01720nam a2200337 a 4500 | ||
|---|---|---|---|
| 001 | ASIN0230103561 | ||
| 005 | 20170105102910.0 | ||
| 008 | 131025s2010 xxu eng d | ||
| 020 |
_a0230103561 (hardcover) _c$95.00 |
||
| 020 | _a9780230103566 (hardcover) | ||
| 040 | _a0 | ||
| 050 | 0 | 4 | _aJZ1734.A55 |
| 082 | 0 | 4 | _a958.043 |
| 245 | 1 | 0 |
_aChina and india in central asia : _ba new "great game"? / _cMarlène Laruelle, Sébastien Peyrouse, Jean-François Huchet, Bayram Balci. |
| 260 |
_a[S.l.] : _bPalgrave Macmillan, _c2010. |
||
| 300 |
_a268 p. ; _c21 cm. |
||
| 490 | 1 | _aSciences po series in international relations and political economy. | |
| 520 | _aChina and India growing interests in Central Asia disrupt the traditional Russian-U.S. “Great Game” at the heart of the old continent. Though for the moment India is unable to equally compete against the Chinese presence in post-Soviet Central Asia, New Delhi is well established in Afghanistan and has begun to cast its eyes more markedly toward the north to the shores of the Caspian Sea. In the years to come, both Asian powers are looking to redeploy their rivalry on the Central Asian and Afghan theaters on a geopolitical, but also political and economic level. | ||
| 650 | 0 | _aAsia, Central | |
| 650 | 0 | _aChina | |
| 650 | 0 | _aGeopolitics | |
| 650 | 0 | _aIndia | |
| 650 | 0 | _aInternational relations | |
| 700 | 1 | _aBalci, Bayram. | |
| 700 | 1 | _aHuchet, Jean-François. | |
| 700 | 1 | _aLaruelle, Marlène. | |
| 700 | 1 | _aPeyrouse, Sébastien. | |
| 830 | 0 | _aSciences po series in international relations and political economy. | |
| 856 | 4 | 0 |
_3Amazon.com _uhttp://www.amazon.com/exec/obidos/ASIN/0230103561/chopaconline-20 |
| 942 |
_2ddc _cBK |
||
| 999 |
_c15057 _d15057 |
||